Catálogo

Vista normal Vista MARC

Entrada Personal Name

Número de registros utilizados en: 1

001 - CONTROL NUMBER

  • control field: 10591

003 - CONTROL NUMBER IDENTIFIER

  • control field: Mx-PuUPA

005 - DATE AND TIME OF LATEST TRANSACTION

  • control field: 20200217125826.0

008 - FIXED-LENGTH DATA ELEMENTS

  • fixed length control field: 200217|| aca||aabn | a|a d

040 ## - CATALOGING SOURCE

  • Original cataloging agency: Mx-PuUPA
  • Language of cataloging: spa
  • Transcribing agency: Mx-PuUPA
  • Modifying agency: Mx-PuUPA
  • Description conventions: rda

100 1# - HEADING--PERSONAL NAME

  • Personal name: Redondo Hinojosa, Jaime,

372 ## - FIELD OF ACTIVITY

  • Field of activity: Administración financiera

374 ## - OCCUPATION

  • Occupation: Autor

375 ## - GENDER

  • Gender: hombre

377 ## - ASSOCIATED LANGUAGE

  • Language code: spa

400 1# - SEE FROM TRACING--PERSONAL NAME

  • Personal name: Hinojosa, Jaime Redondo

670 ## - SOURCE DATA FOUND

  • Source citation: Compendio de términos usuales en la administración financiera, 1992:
  • Information found: t.p. (Jaime Redondo Hinojosa) de portada